| 000 | 00703cam a2200277 4500 | ||
|---|---|---|---|
| 008 | 090401t1994 xxu||||| |||| 00| 0 eng d | ||
| 020 | _a0874207622 | ||
| 035 | _a(Sirsi) u85969 | ||
| 041 | _aeng | ||
| 050 | _a712.7 | ||
| 100 | _aMuirhead, Desmond | ||
| 245 | _aGolf course development and real estate. | ||
| 260 |
_aWashington, D.C. _bUrban Land Institute _c1994 |
||
| 300 | _axi,180p. : ill. ; 28cm. | ||
| 350 | _a37.95 | ||
| 650 | _aDESIGN | ||
| 650 | _aDEVELOPMENT | ||
| 650 | _aFEASIBILITY STUDIES | ||
| 650 | _aGOLF COURSES | ||
| 650 | _aMARKETING | ||
| 650 | _aPLANNING | ||
| 690 | _aLEISURE AND RECREATION | ||
| 700 | _aRando, Guy L. | ||
| 942 | _n0 | ||
| 948 | _c01/05/1998 | ||
| 999 |
_c97094 _d97094 |
||